The Psalms of David, imitated in the language of the New Testament : and applied to the Christian state and worship. By Isaac Watts, D.D. [Six lines of Scripture texts].

Bibliographic Details
Uniform Title:Bible.
Corporate Author: Gale (Firm)
Other Authors: Watts, Isaac, 1674-1748, Barlow, Joel, 1754-1812, Bumstead, Joseph, 1768?-1838 (Printer)
Format: eBook
Language:English
Published: Printed in Boston : By Joseph Bumstead, for D. West, Marlboro'-Street, and E. Larkin, Jun. Cornhill, MDCCXCI. [1791]
Subjects:
Online Access:Connect to the full text of this electronic book

MARC

Tag First Indicator Second Indicator Subfields
LEADER 00000cam a2200000 4500
001 in00003881813
005 20190415193213.0
006 m o d
007 cr |n||||||||n
008 831006s1791 xxu|||| o 00| | eng c
035 |a (CU-RivES)W4477 
035 |a (Uk-ES)006446048 
035 |a (OCoLC)510897826 
040 |a MWA  |c MWA  |d CU-RivES  |d CStRLIN  |d Cengage Gale  |d UtOrBLW 
050 4 |a Z1215  |b .B535 1791 
130 0 |a Bible.  |p Psalms.  |l English.  |p Watts and Barlow. 
245 1 4 |a The Psalms of David, imitated in the language of the New Testament :  |b and applied to the Christian state and worship. By Isaac Watts, D.D. [Six lines of Scripture texts]. 
264 1 |a Printed in Boston :  |b By Joseph Bumstead, for D. West, Marlboro'-Street, and E. Larkin, Jun. Cornhill,  |c MDCCXCI. [1791] 
300 |a 1 online resource (320 pages)  
336 |a text  |b txt  |2 rdacontent 
337 |a computer  |b c  |2 rdamedia 
338 |a online resource  |b cr  |2 rdacarrier 
500 |a Revised by Joel Barlow. Cf. Benson, L. The American revisions of Watts's Psalms, Philadelphia, 1903. 
509 |a Signatures: A-U⁶ W⁶ X-2B⁶ 2C⁴ 
510 4 |a Bristol,  |c B7652 
510 4 |a Shipton and Mooney,  |c 46345 
510 4 |a English Short Title Catalog,  |c W4477. 
500 |a Reproduction of original from Boston Public Library. 
500 |a Electronic resource. 
655 7 |a Electronic books.  |2 local 
655 7 |a Psalters  |y 1791.  |2 rbgenr 
650 0 |a Psalmody  |v Early works to 1800. 
650 0 |a Hymns, English  |v Early works to 1800.  |0 http://id.loc.gov/authorities/subjects/sh2009126713 
700 1 |a Watts, Isaac,  |d 1674-1748.  |0 http://id.loc.gov/authorities/names/n50043707 
700 1 |a Barlow, Joel,  |d 1754-1812.  |0 http://id.loc.gov/authorities/names/n50017803 
700 1 |a Bumstead, Joseph,  |d 1768?-1838,  |e printer.  |0 http://id.loc.gov/authorities/names/n85305984 
700 1 |a West, David,  |d 1765-1810,  |e bookseller.  |0 http://id.loc.gov/authorities/names/n86143960 
700 1 |a Larkin, Ebenezer,  |d 1769?-1813,  |e bookseller.  |0 http://id.loc.gov/authorities/names/n85387482 
700 1 |a Thurston, Ruth,  |e former owner.  |5 MWA 
710 2 |a Gale (Firm)  |0 http://id.loc.gov/authorities/names/no2008071348 
752 |a United States  |b Massachusetts  |d Boston. 
856 4 0 |u http://proxy.library.tamu.edu/login?url=http://find.galegroup.com/ecco/infomark.do?contentSet=ECCOArticles&docType=ECCOArticles&bookId=1459702100&type=getFullCitation&tabID=T001&prodId=ECCO&docLevel=TEXT_GRAPHICS&version=1.0&source=library&userGroupName=txshracd2898  |z Connect to the full text of this electronic book  |t 0 
999 f f |s 4f208de7-e33d-364f-b7be-406d0041ad85  |i e744e5f6-5b00-34c5-92a8-d532c8c2f312  |t 0 
952 f f |a Texas A&M University  |b College Station  |c Electronic Resources  |d Available Online  |t 0  |e Z1215 .B535 1791  |h Library of Congress classification 
998 f f |a Z1215 .B535 1791  |t 0  |l Available Online